| 000 | 00937nam a2200265 i 4500 | ||
|---|---|---|---|
| 003 | EG-ScBUE | ||
| 005 | 20240404100404.0 | ||
| 008 | 200128m20112013cc a f 000 0 chi d | ||
| 040 |
_aEG-ScBUE _beng _erda _cEG-ScBUE _dEG-ScBUE |
||
| 043 | _aa-cc--- | ||
| 082 | 0 | 4 |
_a951 _bCHI _222 |
| 245 | 0 | 0 |
_aChina through the lens : _ba country and its culture = 文化中國對焦 / _cphotography by Steve Zhao. |
| 246 | 3 | 1 | _a文化中國對焦 |
| 264 | 1 |
_a[Beijing] : _bMinistry of Culture of the People's Republic of China, _c[between 2011 to 2013] |
|
| 300 |
_a179 pages : _bcolor illustrations ; _c30 cm |
||
| 336 |
_2rdacontent _atext _btxt |
||
| 337 |
_2rdamedia _aunmediated _bn |
||
| 338 |
_2rdacarrier _avolume _bnc |
||
| 651 | 7 |
_aChina _xCivilization. _2BUEsh |
|
| 653 |
_bGGEN _cJanuary2020 |
||
| 655 | _vReading book | ||
| 700 | 1 |
_aZhao, Steve, _ephotographer. |
|
| 942 |
_2ddc _cBB |
||
| 999 |
_c27973 _d27944 |
||